000 00680nam a2200217 a 4500
005 20240809063834.0
008 010716s1995 es r 000 0 spa d
020 _a8478692053
035 _aUPN01000109715
049 _aI
050 4 _aLB1131
_bP7.6 no.7
245 0 0 _aPsicomotricidad viso-manual :
_bdesarrollo de la coordinación : preparación a la escritura /
_cLourdes Guarga ... [et al.].
260 _aMadrid :
_bCEPE,
_c1995.
300 _a127 p. :
_bil.
440 0 _aProgresint ;
_v7
500 _a"Educación infantil. segundo ciclo.
650 4 _aDESTREZA MANUAL
_912833
650 4 _aCaligrafía
_94798
700 1 _aGuarga, Lourdes,
_ecoaut.
905 _aInfantil
999 _c83625
_d83625